| 000 | 00849nam a2200217 i 4500 | ||
|---|---|---|---|
| 001 | 168413 | ||
| 003 | ES-MaACL | ||
| 005 | 20250901231811.0 | ||
| 008 | 080403s1839 cu |||| | spa d | ||
| 080 | _a656.2.07(729.1) | ||
| 245 | 0 | 0 | _aDocumentos relativos a la enagenación [sic] del Camino de Hierro de la Habana a Güines. |
| 260 |
_aHabana : _b[s.n.], _c1839 ( _eImp. del Gobierno y Capitanía General por S.M.) |
||
| 300 |
_a49 p. ; _c20 cm. |
||
| 594 | _aPrecede al tít.: Real Junta de Fomento de Agricultura y Comercio. | ||
| 610 | 2 | 4 |
_aCamino de Hierro de la Habana a Güines. _9154954 |
| 651 | 4 |
_aCuba- _xFerrocarriles- _yS.XIX. _9137559 |
|
| 710 | 2 |
_aReal Junta de Fomento de Agricultura y Comercio (Cuba (Capitanía General)) _9175650 |
|
| 852 | 4 |
_aES-MaACL _jT-12-F-23 |
|
| 852 | 4 |
_aES-MaACL _jT-133-F-4 |
|
| 999 |
_c168413 _d168413 |
||